000 00566nam a2200229Ia 4500
003 OSt
005 20221005122654.0
006 a|||||r|||| 00| 0
007 ta
008 221004b |||||||| |||| 00| 0 kan d
024 _a45875
037 _cTextual
040 _aCRL
_cCRL
_bkan
041 _2kan
_akan
082 _aP33vN5, 33K7
100 _aKulkarni Au.
_9224945
245 0 _aKannada Bhasheya Charitre
260 _c1967
650 _aLINGUISTICS
942 _hP33vN5, 33K7
_cTEXL
_2cc
999 _c1045036
_d1045036